000
00304nam a22001337a 4500
008
170214b xxu||||| |||| 00| 0 eng d
020
_a
1572850728
041
_a
eng
080
_a
61
100
_a
4
101
_a
SHM
245
_a
BRIGHT FUTURES IN PRACTICE MENTAL HEALTH
_c
JELLINEK
942
_2
udc
_c
BK
999
_c
5351
_d
5351